Normal view
MARC view
- البنوك - النقود - اعمال مصرفية
Entry Topical Term
001 - CONTROL NUMBER
- control field: 44268
003 - CONTROL NUMBER IDENTIFIER
- control field: JO-AjAnu
005 - DATE AND TIME OF LATEST TRANSACTION
- control field: 20230606081330.0
008 - FIXED-LENGTH DATA ELEMENTS
- fixed length control field: 230606|| aca||aabn | a|a d
040 ## - CATALOGING SOURCE
- Original cataloging agency: JO-AjAnu
- Transcribing agency: JO-AjAnu
150 ## - HEADING--TOPICAL TERM
- Topical term or geographic name entry element: البنوك - النقود - اعمال مصرفية
670 ## - SOURCE DATA FOUND
- Source citation: Work cat.: (JO-AjAnu)22668: عبدالله، خبابه, author 44267, الاقتصاد المصرفي: النقود- البنوك التجارية - البنوك الاسلامية - السياسة النقدية - الاسواق المالية - الازمة المالية